000 00397nam a2200157Ia 4500
008 230312s9999||||xx |||||||||||||| ||und||
020 _a0874475759
082 _a343.054091
_bMCG
100 _aMcginty Sarah myers
245 0 _aCollege application essay
260 _bCollege entrance examination board
_aNew York
_c1997
300 _a141
546 _aEng.
650 _aLiterature
942 _cBK
999 _c2259
_d2259